LDR 00488naa#a2200169#i#450# 001 EN\\bibl\16287 005 20260413065957.1 011 ## _a2414-9047 100 ## _a20170418b2017####ek#y0engy0150####ca 102 ## _aRU 200 1# _aAbout issue _eJournal article 210 1# _aMoscow _cMOSCLUSTER LLC _d2017 215 ## _a12 с. 608 ## _aJournal article _2local 675 ## _aЭкономика. Экономические науки. 33 _z 700 #1 _aAnanishnev _gVladislav Vladimirovich 856 4# _azh-szf.ru _u